| 000 | 00375nam a2200145 i 4500 | ||
|---|---|---|---|
| 001 | 79427 | ||
| 003 | ES-MaACL | ||
| 007 | t| | ||
| 008 | 041021s1903 sp ||||1| spa d | ||
| 100 | 1 |
_aHernández, Fortunato. _962812 |
|
| 245 | 1 | 0 |
_aEn plena lucha / _cFortunato Hernández. |
| 260 |
_aMadrid : _bR. Fé, _c1903. |
||
| 300 |
_a161 p. ; _c19 cm. |
||
| 852 |
_aES-MaACL _jG-7406 |
||
| 999 |
_c79427 _d79427 |
||